Animals by country - Statistics

General Stats
  • This quiz has been taken 72 times
  • The average score is 13 of 20
Answer Stats
Hint Answer % Correct
Panda China
95%
Kangaroo Australia
93%
Polar bear Canada
89%
Tigers India
87%
Coyote Usa
85%
Ring-tail lemur Madagascar
80%
Kiwi New zealand
79%
Brown bears Russia
74%
White rhino South Africa
74%
Jaguar Brazil
70%
Zebra Kenya
70%
Orangutan Indonesia
69%
Lions Tanzania
66%
African elephants Botswana
56%
Mountain gorilla Uganda
54%
Cheetah Namibia
48%
Hippo(not in africa) Colombia
43%
Sika deer Japan
41%
Hippo Zambia
41%
Tamaraw Philippines
28%
No matching quizzes found
Score Distribution
Percent of People with Each Score
Percentile by Number Answered
Your Score History
You have not taken this quiz